| 000 | 00709nam a22002057a 4500 | ||
|---|---|---|---|
| 003 | OSt | ||
| 005 | 20251121145719.0 | ||
| 008 | 251121b |||||||| |||| 00| 0 eng d | ||
| 020 | _a0-495-00733-1. | ||
| 040 |
_aDWCL-Main lib _cOC |
||
| 082 |
_29th ed. _aCirc. 155.2 N552d 2006 |
||
| 100 | _aNewman, Barbara M. | ||
| 245 |
_aDevelopment thriough life : _ba psychosocial approach 9th ed. _cNewman, Barbara M. |
||
| 260 |
_aAustralia : _bThomson Wadsworth, _cc2006. |
||
| 300 |
_axvii, (various paging) : _billustration ; _c27 cm. |
||
| 504 | _aIncludes bibliographical references and index. | ||
| 650 | _21. Developmental Psychology. | ||
| 700 | _aNewman, Philip R. | ||
| 942 |
_2ddc _cBK-CIRC _e9th ed. _kCirc. _n0 |
||
| 999 |
_c6016 _d6016 |
||